Hands on JavaBeans (Record no. 5794)
[ view plain ]
| 000 -LEADER | |
|---|---|
| fixed length control field | 00518 a2200169 4500 |
| 020 ## - INTERNATIONAL STANDARD BOOK NUMBER | |
| International Standard Book Number | 8176562807 |
| 040 ## - CATALOGING SOURCE | |
| Original cataloging agency | DLC |
| Language of cataloging | DLC |
| 082 00 - DEWEY DECIMAL CLASSIFICATION NUMBER | |
| Classification number | 005.133 |
| 100 1# - MAIN ENTRY--PERSONAL NAME | |
| Personal name | Allen, Mitch. |
| 245 10 - TITLE STATEMENT | |
| Title | Hands on JavaBeans |
| Statement of responsibility, etc. | Mitch Allen, John B. Harvie. |
| 260 ## - PUBLICATION, DISTRIBUTION, ETC. | |
| Place of publication, distribution, etc. | Rocklin, CA : |
| Name of publisher, distributor, etc. | Prima Pub., |
| Date of publication, distribution, etc. | c1997. |
| 300 ## - PHYSICAL DESCRIPTION | |
| Extent | xxiv, 447 p. : |
| Other physical details | ill. ; |
| Dimensions | 24 cm. + |
| Accompanying material | 1 computer laser optical disc (4 3/4 in.) |
| 500 ## - GENERAL NOTE | |
| General note | Includes index. |
| 650 #0 - SUBJECT ADDED ENTRY--TOPICAL TERM | |
| Topical term or geographic name entry element | Java (Computer program language) |
| 700 1# - ADDED ENTRY--PERSONAL NAME | |
| Personal name | Harvie, John B. |
| 942 ## - ADDED ENTRY ELEMENTS (KOHA) | |
| Koha item type | Book |
| Call number prefix | 005.133 ALL |
| Source of classification or shelving scheme | |
| Withdrawn status | Lost status | Damaged status | Not for loan | Collection code | Permanent Location | Current Location | Shelving location | Date acquired | Source of acquisition | Cost, normal purchase price | Total Checkouts | Full call number | Barcode | Date last seen | Price effective from | Koha item type | Date last checked out |
|---|---|---|---|---|---|---|---|---|---|---|---|---|---|---|---|---|---|
| Central Library (CL) | Central Library (CL) | First Floor - Software Engineering/ Programming Language | 02/14/2001 | Link, Rawalpindi | 100.00 | 005.133 ALL | SEECS000783 | 11/14/2012 | 01/05/2017 | Book | |||||||
| Central Library (CL) | Central Library (CL) | First Floor - Software Engineering/ Programming Language | 02/14/2001 | Link, Rawalpindi | 100.00 | 005.133 ALL | SEECS000785 | 11/14/2012 | 01/05/2017 | Book | |||||||
| Central Library (CL) | Central Library (CL) | First Floor - Software Engineering/ Programming Language | 02/14/2001 | Link, Rawalpindi | 100.00 | 1 | 005.133 ALL | SEECS000784 | 11/10/2016 | 01/05/2017 | Book | 11/10/2016 | |||||
| Central Library (CL) | Central Library (CL) | First Floor - Software Engineering/ Programming Language | 02/14/2001 | Link, Rawalpindi | 100.00 | 005.133 ALL | SEECS000782 | 11/14/2012 | 01/05/2017 | Book | |||||||
| Central Library (CL) | Central Library (CL) | First Floor - Software Engineering/ Programming Language | 02/14/2001 | Link, Rawalpindi | 100.00 | 005.133 ALL | SEECS000786 | 11/14/2012 | 01/05/2017 | Book |
